El respeto o la mirada atenta
Պահպանված է:
| Հիմնական հեղինակ: | |
|---|---|
| Ձևաչափ: | Գիրք |
| Լեզու: | իսպաներեն |
| Հրապարակվել է: |
Barcelona
Gedisa
2010
|
| Հրատարակություն: | 3a. ed |
| Շարք: | Cla De Ma. Filosofía
|
| Խորագրեր: | |
| Ցուցիչներ: |
Ավելացրեք ցուցիչ
Չկան պիտակներ, Եղեք առաջինը, ով նշում է այս գրառումը!
|
MARC
| LEADER | 00000cam a2200000 a 4500 | ||
|---|---|---|---|
| 001 | UCE9214 | ||
| 003 | CL-VaPUC | ||
| 008 | 151009e20100000sp |||||||||||||||||spa|d | ||
| 020 | |a 9788497841306 | ||
| 082 | 0 | 4 | |a 323 |b ESQ |2 21 |
| 100 | 0 | |a Esquirol, Josep M |e author |9 581971 | |
| 245 | 1 | 3 | |a El respeto o la mirada atenta |
| 250 | |a 3a. ed | ||
| 300 | |a 179 p | ||
| 942 | |c BK | ||
| 945 | |d 20151009 15:17:00 |a dcastane | ||
| 260 | |a Barcelona |b Gedisa |c 2010 | ||
| 650 | 0 | |a Derechos humanos |9 223025 | |
| 650 | 0 | |a Ética |9 255099 | |
| 650 | 7 | |a RESPETO |2 CL-VaPUC |9 503425 | |
| 650 | 0 | |a Educación moral |9 308319 | |
| 583 | |a last modification |c 20151009 15:17:00 |k Rodrigo Vera | ||
| 490 | 0 | |a Cla De Ma. Filosofía | |
| 999 | |c 360891 |d 360889 | ||
| 952 | |0 0 |1 0 |3 erb |4 0 |6 323_000000000000000_ESQ_2010 |7 0 |8 A |9 471152 |a BIBARQ |b BIBARQ |i 5242649 |o 323 ESQ 2010 |p 5242649 |r 2025-01-20 |w 2019-11-24 |y BK |z Catalogado en:20151009 |k ARQ | ||
| 952 | |0 0 |1 0 |3 erb |4 0 |6 323_000000000000000_ESQ_2010 |7 0 |8 A |9 471153 |a BIBARQ |b BIBARQ |i 5287553 |l 2 |o 323 ESQ 2010 |p 5287553 |r 2025-01-20 |s 2022-10-26 |w 2019-11-24 |y BK |z Catalogado en:20160520 |k ARQ | ||